Dispositivos radiorreceptores

Bibliographic Details
Main Author: Zyuko, A.G.
Format: Section = Libro
Language:Undetermined
Spanish
Published: Moscú Vneshtorgizdat 1981
Subjects:
LEADER 00449nam a2200169Ia 4500
008 240829s9999 xx 000 0 und d
040 |a BIBLIOTECA-RUPAP 621.384136 Z11 
041 |a spa 
082 |a 621.384136 Z11 
100 1 |a Zyuko, A.G. 
245 1 0 |a Dispositivos radiorreceptores 
260 |a Moscú  |b Vneshtorgizdat  |c 1981 
300 |a 512 p. :il. 
650 7 |a RADIORRECEPTORES Y RECEPCION. I. Tít. 
942 |c BK  |2 ddc 
991 |a TEXTO 
999 |c 9165